000 01234nam a2200313 a 4500
003 CO-ViMGA
005 20230915234240.0
008 070123s2006 mx a jr 0001j spa d
020 _z9789681828288
040 _aCO-ViMGA
_bspa
_cCO-ViMGA
041 1 _heng
082 0 4 _aI510
_bL15f
_219 ed.
100 1 _aLangdon, Nigel.
_96943
245 1 3 _aEl fascinante mundo de las matemáticas /
_cNigel Langdon, Charles Snape ; versión española Oscar Palmas Velasco ; ilustraciones de San Cardy, Sean McGarry y Juliet Stanwell Smith.
260 3 _aMéxico :
_bLimusa :
_bNoriega Editores,
_c2008.
300 _a52 p. :
_bil. ;
_c28 cm.
490 _aBiblioteca cientifica para niños y jovenes
534 _pTítulo original. :
_tA way with maths.
650 1 4 _aMatemáticas
_v Literatura juvenil.
_91895
650 1 4 _aMatemáticas
_v Problemas, ejercicios, etc.
_96945
650 1 6 _aJuegos matemáticos
_v Literatura juvenil.
_96946
650 1 6 _aNúmeros
_v Literatura juvenil.
_96944
700 1 2 _aCardy, San,
_eil.
_96949
700 1 2 _aMcGarry, Sean,
_eil.
_96950
700 1 2 _aPalmas Velasco, Oscar A.,
_etr.
_96948
700 1 2 _aSmith, Juliet Stanwell,
_eil.
_96951
700 1 2 _aSnape, Charles.
_96947
942 _2ddc
_cBK
999 _c37627
_d37627